Tìm hiểu việc vận dụng một số bài học kinh nghiệm trong phát triển kinh tế của Singapore vào Việt Nam và đề xuất một số giải pháp nhằm khai thác hiệu quả lợi thế bổ sung của cả hai bên

Giới thiệu khái quát về đất nước Singapore; Những kinh nghiệm trong phát triển kinh tế của Singapore và việc vận dụng những kinh nghiệm đó vào Việt Nam; Đề xuất một số giải pháp nhằm khai thác hiệu quả lợi thế bổ sung giữa Việt Nam và Singapore....

Πλήρης περιγραφή

Αποθηκεύτηκε σε:
Λεπτομέρειες βιβλιογραφικής εγγραφής
Κύριος συγγραφέας: Vũ, Thị Hương
Άλλοι συγγραφείς: Hoàng Thị Diệu Huyền Th.S (Hướng dân)
Μορφή: Βιβλίο
Γλώσσα:Vietnamese
Έκδοση: Đại học Đà Nẵng ĐH Sư phạm 2007
Θέματα:
Ετικέτες: Προσθήκη ετικέτας
Δεν υπάρχουν, Καταχωρήστε ετικέτα πρώτοι!
Thư viện lưu trữ: Mạng thư viện Đại học Đà Nẵng
LEADER 01732nam a2200361 4500
001 000011255
003 7491
005 20120203140243.0
008 120203s2007 viesd
041 |a vie 
072 |a Khóa luận tốt nghiệp 
082 |a 338.95957  |b VU-H 
100 |a Vũ, Thị Hương 
245 |a Tìm hiểu việc vận dụng một số bài học kinh nghiệm trong phát triển kinh tế của Singapore vào Việt Nam và đề xuất một số giải pháp nhằm khai thác hiệu quả lợi thế bổ sung của cả hai bên  |c Vũ Thị Hương 
260 |a Đại học Đà Nẵng  |b ĐH Sư phạm  |c 2007 
300 |a 58 tr.  |c 29 cm 
500 |a Khóa luận tốt nghiệp khoa Địa Lý 
520 |a Giới thiệu khái quát về đất nước Singapore; Những kinh nghiệm trong phát triển kinh tế của Singapore và việc vận dụng những kinh nghiệm đó vào Việt Nam; Đề xuất một số giải pháp nhằm khai thác hiệu quả lợi thế bổ sung giữa Việt Nam và Singapore. 
653 |a Phát triển kinh tế 
653 |a Việt Nam 
653 |a Singapore 
653 |a Địa lý 
700 |a Hoàng Thị Diệu Huyền  |c Th.S  |e Hướng dân 
OWN |a LSP 
AVA |a UDN50  |b LSP  |d 338.95957 VU-H  |e available  |t Error 5001 Not defined in file expand_doc_bib_avail.  |f 1  |g 0  |h N  |i 0  |k 1 
999 |a From the UDN01 
AVA |a UDN50  |b LSP  |d 338.95957 VU-H  |e available  |t Error 5001 Not defined in file expand_doc_bib_avail.  |f 1  |g 0  |h N  |i 0  |k 1 
TYP |a Monograph 
TYP |a Printed language 
980 |a Mạng thư viện Đại học Đà Nẵng